Neural network systems, techniques, and applications
Αποθηκεύτηκε σε:
| Άλλοι συγγραφείς: | |
|---|---|
| Μορφή: | Βιβλίο |
| Γλώσσα: | English |
| Δημοσίευση: |
San Diego :
Academic Press,
c1998
|
| Θέματα: | |
| Ετικέτες: |
Προσθήκη ετικέτας
Δεν υπάρχουν, Καταχωρήστε ετικέτα πρώτοι!
|
MARC
| LEADER | 00000cam a2200000 i 4500 | ||
|---|---|---|---|
| 001 | 1/95615 | ||
| 008 | 991208s1998 eng d | ||
| 020 | |a 0-12-443861-X | ||
| 035 | |l 10055389 | ||
| 040 | |a GR-MY-UA |b gre |e aacr | ||
| 041 | 0 | |a eng | |
| 082 | 0 | |a 006.32 | |
| 245 | 1 | 0 | |a Neural network systems, techniques, and applications / |c edited by Cornelius T. Leondes |
| 260 | |a San Diego : |b Academic Press, |c c1998 | ||
| 300 | |a xxiv, 460 p.; |b ill.; |c 24 cm | ||
| 504 | |a Includes bibliographical references and indexes | ||
| 505 | 0 | |a v. 1. Algorithms and architectures | |
| 650 | 0 | 0 | |a Algorithms. |
| 650 | 0 | 0 | |a Neural networks (Computer science) |
| 700 | 0 | |a Leondes, Cornelius T. |4 edt | |
| 740 | 0 | 2 | |a Algorithms and architectures |
| 852 | |a INST |b SAMOS |e 19991208 |h 006.32 NEU |p 005300016459 |q 005300016459 |t BK |y 0 | ||
| 901 | |a BIBL3-2000-2 | ||
| 909 | |a Σ |b 070959 | ||
| 922 | |a 3ΕΛΗ |b 199911 |c ΤΠΕΣ |d ΠΑΠΑΣΩΤΗΡΙΟΥ | ||
| 950 | |a 133-1999-07-20 | ||
| 970 | |z 2000/05/ΜΠΡΑΤΤΗΣ | ||